UEFA Top 10 Leagues - 2023-24 - Statistics

General Stats
  • This quiz has been taken 53 times
  • The average score is 95 of 180
Answer Stats
League Team % Correct
Serie A AC Milan
100%
La Liga Barcelona
100%
Serie A Inter Milan
100%
La Liga Real Madrid
100%
English Premier League Arsenal
97%
English Premier League Aston Villa
97%
La Liga Atlético Madrid
97%
English Premier League Chelsea
97%
Bundesliga Bayern Munich
95%
Serie A Juventus
95%
English Premier League Manchester City
95%
English Premier League Manchester United
95%
English Premier League Tottenham
95%
La Liga Athletic Bilbao
92%
Bundesliga Borussia Dortmund
92%
English Premier League Everton
92%
Serie A Lazio
92%
English Premier League Liverpool
92%
Serie A Napoli
92%
English Premier League Newcastle United
92%
Serie A Roma
92%
La Liga Sevilla
92%
La Liga Valencia
92%
English Premier League Wolves
89%
Eredivisie AFC Ajax
87%
Bundesliga Bayer Leverkusen
87%
English Premier League Brighton & Hove Albion
87%
Ligue 1 Lyon
87%
Ligue 1 Paris Saint-Germain
87%
Primiera Liga Porto
87%
Primiera Liga Benfica
84%
Ligue 1 Marseille
84%
Eredivisie PSV Eindhoven
84%
Bundesliga Red Bull Leipzig
84%
Primiera Liga Sporting CP
84%
Serie A Atalanta
82%
Bundesliga Borussia Mönchengladbach
82%
English Premier League Burnley
82%
English Premier League Luton Town
82%
Scottish Premiership Celtic
79%
English Premier League Fulham
79%
Turkish Süper Lig Galatasaray
79%
Ligue 1 LOSC Lille
79%
Bundesliga VfB Stuttgart
79%
Bundesliga VfL Wolfsburg
79%
English Premier League Crystal Palace
76%
Bundesliga Eintracht Frankfurt
76%
Bundesliga 1. FC Köln
74%
Ligue 1 AS Monaco
74%
Serie A Bologna
74%
English Premier League Bournemouth
74%
English Premier League Brentford
74%
Eredivisie Feyenoord
74%
La Liga Real Sociedad
74%
English Premier League West Ham
74%
Turkish Süper Lig Besiktas
71%
Belgian Pro League Club Brugge
71%
Bundesliga FC Augsburg
71%
La Liga Girona
71%
Ligue 1 Nantes
71%
Scottish Premiership Rangers
71%
Bundesliga Union Berlin
71%
La Liga Villarreal
71%
Bundesliga Werder Bremen
71%
La Liga Real Betis
68%
Ligue 1 Rennes
68%
English Premier League Sheffield United
68%
Ligue 1 Toulouse
68%
Belgian Pro League Anderlecht
66%
Belgian Pro League Antwerp
66%
Primiera Liga Braga
66%
English Premier League Nottingham Forest
66%
Turkish Süper Lig Fenerbahçe
63%
Serie A Fiorentina
63%
La Liga Getafe
63%
Serie A Torino
63%
Scottish Premiership Aberdeen
61%
La Liga Las Palmas
61%
Ligue 1 Strasbourg
61%
Serie A Udinese
61%
Serie A Cagliari
58%
La Liga Celta Vigo
58%
Serie A Genoa
58%
Belgian Pro League Gent
58%
La Liga Mallorca
58%
Ligue 1 Montpellier
58%
Ligue 1 Nice
58%
Ligue 1 Reims
58%
Bundesliga 1899 Hoffenheim
55%
Belgian Pro League Genk
55%
Ligue 1 Lens
55%
Turkish Süper Lig Trabzonspor
55%
Serie A Sassuolo
53%
Eredivisie Sparta Rotterdam
53%
Eredivisie AZ Alkmaar
50%
Scottish Premiership Dundee
50%
Eredivisie FC Utrecht
50%
Scottish Premiership Heart of Midlothian
50%
Bundesliga Mainz 05
50%
La Liga Osasuna
50%
Bundesliga 1. FC Heidenheim
47%
Eredivisie FC Twente
47%
Serie A Lecce
47%
Ligue 1 Le Havre
47%
Ligue 1 Metz
47%
Serie A Monza
47%
Serie A Salernitana
47%
Bundesliga VfL Bochum
47%
La Liga Almería
45%
Turkish Süper Lig Antalyaspor
45%
La Liga Cádiz
45%
Bundesliga Darmstadt 98
45%
La Liga Granada
45%
Serie A Hellas Verona
45%
Ligue 1 Brest
42%
Bundesliga Freiburg
42%
Eredivisie Vitesse
42%
La Liga Alavés
39%
Primiera Liga Boavista
39%
Turkish Süper Lig Instabul Başakşehir
39%
Belgian Pro League Standard Liège
39%
Ligue 1 Clermont Foot
37%
Serie A Empoli
37%
Belgian Pro League Union Saint Gilloise
37%
Ligue 1 Lorient
34%
Eredivisie SC Heerenveen
34%
Turkish Süper Lig Ankaragücü
32%
Belgian Pro League Cercle Brugge
32%
Belgian Pro League Charleroi
32%
Scottish Premiership Hibernian
32%
Primiera Liga Vitoria de Guimarães
32%
Serie A Frosinone
29%
Eredivisie Go Ahead Eagles
29%
Eredivisie NEC Nijmegen
29%
Scottish Premiership Kilmarnock
26%
Primiera Liga Marítimo
26%
Scottish Premiership Motherwell
26%
La Liga Rayo Vallecano
26%
Primiera Liga Rio Ave
26%
Scottish Premiership St. Johnstone
26%
Eredivisie RKC Waalwijk
24%
Turkish Süper Lig Adana Demirspor
21%
Primiera Liga Estoril
18%
Eredivisie Fortuna Sittard
18%
Turkish Süper Lig Gaziantep
18%
Scottish Premiership Livingston
18%
Belgian Pro League Mechelen
18%
Turkish Süper Lig Sivasspor
18%
Scottish Premiership St. Mirren
18%
Belgian Pro League Eupen
16%
Eredivisie Excelsior Rotterdam
16%
Primiera Liga Famalicão
16%
Eredivisie Heracles Almelo
16%
Turkish Süper Lig Konyaspor
16%
Belgian Pro League Kortrijk
16%
Scottish Premiership Ross County
16%
Eredivisie Almere City
13%
Eredivisie FC Volendam
13%
Turkish Süper Lig Kayserispor
13%
Primiera Liga Portimonense
13%
Turkish Süper Lig Samsunspor
13%
Primiera Liga Casa Pia
11%
Primiera Liga Santa Clara
11%
Primiera Liga Vizela
11%
Primiera Liga Arouca
8%
Turkish Süper Lig Hatayspor
8%
Turkish Süper Lig Istanbulspor
8%
Turkish Süper Lig Kasimpasa
8%
Belgian Pro League Sint-Truiden
8%
Belgian Pro League Westerlo
8%
Turkish Süper Lig Çaykur-Rizespor
5%
Primiera Liga Chaves
5%
Belgian Pro League OH Leuven
5%
Eredivisie PEC Zeolle
5%
Primiera Liga Gil Vicente
3%
Primiera Liga Paços de Ferreira
3%
Turkish Süper Lig Pendikspor
3%
Belgian Pro League RWD Molenbeek
3%
Turkish Süper Lig Alaynaspor
0%
Turkish Süper Lig Fatih Karagümrük
0%
No matching quizzes found
Score Distribution
Percent of People with Each Score
Percentile by Number Answered
Your Score History
You have not taken this quiz